Find the TV Middle Children Quiz Stats

 Plays Quiz not verified by Sporcle

Score 0/16 Timer 04:00
1 Play Today
% Correct
Lisa Simpson
The Simpsons
97%
Malcolm Wilkerson
Malcolm in the Middle
95%
Carlton Banks
The Fresh Prince of Bel-Air
93.9%
Chris Griffin
Family Guy
93.9%
Cory Matthews
Boy Meets World
91.7%
Stephanie Tanner
Full House
91.2%
Kenny McCormick
South Park
90.5%
Jan Brady
The Brady Bunch
89.7%
% Correct
Darlene Connor
Roseanne
89.2%
Simon Seville
Alvin & the Chipmunks
85.8%
Sue Heck
The Middle
85.7%
Randy Taylor
Home Improvement
85.3%
Alex Dunphy
Modern Family
84.1%
Piper Halliwell
Charmed
82.6%
Mallory Keaton
Family Ties
81.9%
Wayne Arnold
The Wonder Years
81.6%

You're not logged in!

Compare scores with friends on all Sporcle quizzes.
Join for Free
OR
Log In

You Might Also Like...

Show Comments

Extras

Top Quizzes Today


Score Distribution

Your Account Isn't Verified!

In order to create a playlist on Sporcle, you need to verify the email address you used during registration. Go to your Sporcle Settings to finish the process.

Report this User

Report this user for behavior that violates our Community Guidelines.

Details: